El latino de repente de Lorenco Palmireno, con la traduccion de las elegancias de Paulo Manucio.

Detalles Bibliográficos
Autor principal: Palmireno, Juan Lorenzo (1514-1580)
Formato: Libro
Lenguaje:Undetermined
Spanish
Publicado: en Sevilla : en casa de Andrea Pelcioni ; a costa de Diego Núñez, Mercader de Libros, 1583.
Edición:Sale en esta vltima impression, mas corregido y emendado que antes estara. Y con addicion de vn Indice general de todas las frases
Materias:
Colección:Banco de datos
Acervo:Biblioteca Palafoxiana. Colección bibliográfica
Descripción Física:136, [40] p. ; 8°
Tema general:Idiomas
Notas:Ex libris manuscrito: "De la Compañía de Jesus de la Puebla". Daños en la encuadernación. Número de localización: 27860
LEADER 00875nam a2200181Ia 4500
008 150723s9999 xx 000 0 und d
041 0 |a spa 
050 0 |a PAFX Z4.L3 P3 
100 1 |a Palmireno, Juan Lorenzo (1514-1580) 
245 1 0 |a El latino de repente de Lorenco Palmireno, con la traduccion de las elegancias de Paulo Manucio. 
250 |a Sale en esta vltima impression, mas corregido y emendado que antes estara. Y con addicion de vn Indice general de todas las frases 
260 |a en Sevilla : en casa de Andrea Pelcioni ; a costa de Diego Núñez, Mercader de Libros, 1583. 
300 |a 136, [40] p. ; 8° 
500 |a Ex libris manuscrito: "De la Compañía de Jesus de la Puebla". Daños en la encuadernación. Número de localización: 27860 
650 1 0 |a Idiomas 
942 |c PALALIB 
943 |g Biblioteca Palafoxiana. Colección bibliográfica 
999 |c 1054773  |d 1054773